[Event "HUN-chT2 Toth 0809"]
[Site "Hungary"]
[Date "2009.04.19"]
[Round "11.11"]
[White "Bodor, Mate"]
[Black "Keseru, Tibor"]
[Result "0-1"]
[WhiteElo "100"]
[BlackElo "1771"]
[PlyCount "46"]
[EventDate "2008.10.26"]
[EventType "tourn"]
[EventRounds "11"]
[EventCountry "HUN"]
[SourceTitle "EXT 2010"]
[Source "ChessBase"]
[SourceDate "2010.11.25"]
[SourceVersion "1"]
[SourceVersionDate "2010.11.25"]
[SourceQuality "1"]
[WhiteTeam "Vasarhelyi"]
[BlackTeam "Kisujszallas"]
[WhiteTeamCountry "HUN"]
[BlackTeamCountry "HUN"]

1. d4 Nf6 2. Nc3 d5 3. e4 dxe4 4. f3 exf3 5. Nxf3 Bg4 6. h3 Bxf3 7. Qxf3 c6 8. Qf2 e6 9. Bd3 Be7 10. 0-0 0-0 11. Qh4 h5 12. Bg5 Nbd7 13. Rf2 e5 14. Ne4 Nd5 15. Qxh5 g6 16. Qh4 f5 17. Bxe7 Qxe7 18. Ng5 e4 19. Re1 Rae8 20. Bxe4 fxe4 21. Rxe4 Qg7 22. Ne6 Rxe6 23. Rxf8+ Nxf8 0-1

[Event "HUN-chT2 Toth 0809"]
[Site "Hungary"]
[Date "2009.03.08"]
[Round "9.11"]
[White "Bodor, Mate"]
[Black "Rab, Janos"]
[Result "1-0"]
[WhiteElo "100"]
[BlackElo "1828"]
[PlyCount "97"]
[EventDate "2008.10.26"]
[EventType "tourn"]
[EventRounds "11"]
[EventCountry "HUN"]
[SourceTitle "EXT 2010"]
[Source "ChessBase"]
[SourceDate "2010.11.25"]
[SourceVersion "1"]
[SourceVersionDate "2010.11.25"]
[SourceQuality "1"]
[WhiteTeam "Vasarhelyi"]
[BlackTeam "Karcag"]
[WhiteTeamCountry "HUN"]
[BlackTeamCountry "HUN"]

1. d4 Nf6 2. f3 d5 3. e4 dxe4 4. Nc3 exf3 5. Nxf3 Bg4 6. h3 Bxf3 7. Qxf3 c6 8. Qf2 e6 9. Bd3 Be7 10. 0-0 0-0 11. Qh4 g6 12. Bg5 Nbd7 13. Ne4 Nd5 14. c4 Bxg5 15. Nxg5 N5f6 16. Qh6 Re8 17. Nxh7 Qe7 18. Bxg6 fxg6 19. Qxg6+ Qg7 20. Nxf6+ Nxf6 21. Rxf6 e5 22. dxe5 Rxe5 23. Qxg7+ Kxg7 24. Rf2 Rd8 25. Raf1 Rd7 26. Rf5 Re2 27. R1f2 Re1+ 28. Kh2 Kg6 29. Rf6+ Kg7 30. g4 Re3 31. R6f3 Rxf3 32. Rxf3 Rd2+ 33. Kg3 Rxb2 34. Rf2 Rb4 35. Rc2 a5 36. h4 b6 37. h5 Ra4 38. Kh4 Rb4 39. Kg5 b5 40. h6+ Kh7 41. Re2 Rxc4 42. Re7+ Kh8 43. Re8+ Kh7 44. Re7+ Kh8 45. h7 Rd4 46. Kh6 Rd6+ 47. Kh5 Rd2 48. g5 c5 49. Kh6 1-0

[Event "HUN-chT2 Toth 0809"]
[Site "Hungary"]
[Date "2009.02.22"]
[Round "8.11"]
[White "Racz, Viktor Norbert"]
[Black "Bodor, Mate"]
[Result "1-0"]
[WhiteElo "100"]
[BlackElo "100"]
[PlyCount "57"]
[EventDate "2008.10.26"]
[EventType "tourn"]
[EventRounds "11"]
[EventCountry "HUN"]
[SourceTitle "EXT 2010"]
[Source "ChessBase"]
[SourceDate "2010.11.25"]
[SourceVersion "1"]
[SourceVersionDate "2010.11.25"]
[SourceQuality "1"]
[WhiteTeam "Roszke"]
[BlackTeam "Vasarhelyi"]
[WhiteTeamCountry "HUN"]
[BlackTeamCountry "HUN"]

1. e4 g6 2. d4 d6 3. Nf3 Bg7 4. Bf4 Nf6 5. Nc3 0-0 6. Bd3 Nbd7 7. 0-0 Re8 8. Re1 e5 9. Bg3 Kh8 10. Ng5 Kg8 11. Bc4 Re7 12. dxe5 Ne8 13. e6 Ne5 14. exf7+ Nxf7 15. Bxf7+ Rxf7 16. Nxf7 Kxf7 17. e5 Bf5 18. exd6 Nxd6 19. Qd5+ Kf8 20. Bxd6+ Qxd6 21. Qxb7 Rd8 22. Rad1 Qf6 23. Rxd8+ Qxd8 24. Qxa7 Qd2 25. Qa3+ Kg8 26. Qb3+ Kf8 27. Qb8+ Kf7 28. Qxc7+ Kf8 29. Rd1 1-0